Indian shipping : A financial appraisal (Record no. 15458)

MARC details
000 -LEADER
fixed length control field 00535nam a2200181Ia 4500
082 ## - DEWEY DECIMAL CLASSIFICATION NUMBER
Classification number TS.0022
100 ## - MAIN ENTRY--AUTHOR NAME
Personal name Soral, Girdhar
245 #0 - TITLE STATEMENT
Title Indian shipping : A financial appraisal
260 ## - PUBLICATION, DISTRIBUTION, ETC. (IMPRINT)
Year of publication 1987
Name of publisher University of Rajasthan
300 ## - PHYSICAL DESCRIPTION
Number of Pages 467p. + C D - 50
650 ## - SUBJECT ADDED ENTRY--TOPICAL TERM
Topical Term TRANSPORTATION///SHIPPING
650 ## - SUBJECT ADDED ENTRY--TOPICAL TERM
Topical Term SHIPPING - INDIA - FINANCE
650 ## - SUBJECT ADDED ENTRY--TOPICAL TERM
Topical Term MARINE TRANSPORTATION//SHIPPING
650 ## - SUBJECT ADDED ENTRY--TOPICAL TERM
Topical Term WATER TRANSPORTATION//SHIPPING
650 ## - SUBJECT ADDED ENTRY--TOPICAL TERM
Topical Term FINANCE///SHIPPING - INDIA - FINANCE
710 ## - ADDED ENTRY--CORPORATE NAME
Corporate name or jurisdiction name as entry element Khandelwal, M.C.
942 ## - ADDED ENTRY ELEMENTS (KOHA)
Koha item type Thesis
Source of classification or shelving scheme Dewey Decimal Classification
Holdings
Withdrawn status Lost status Damaged status Not for loan Home library Current library Date acquired Bill Date Full call number Accession Number Price effective from Koha item type
        NASSDOC Library NASSDOC Library 08/10/2004 2004-10-22 TS.0022 27896 18/04/2019 Thesis